000 00431nam a2200181Ia 4500
001 3009
005 20260306144849.0
008 260306t1996||||xx |||||||||||||| ||spa||
041 _aESP
082 _a241.21
_bL45
100 _aLeonard, André
_eAUT
245 0 _aLa moral sexual explicada a los jóvenes
260 _c1996
300 _a137 páginas :
_c20 cm.
650 _aGEN
654 _aCHU
942 _cLIB
_dJUS
_fJUS
_2ddc
_n
999 _c3009
_d3009